000 00364nam a2200145Ia 4500
008 090122s9999 xx 000 0 und d
082 _b3991
_aO155:W
100 _aकरंदीकर
_bसुमा
245 _aरास
600 _aकरंदीकर
630 _aरास
700 _aकरंदीकर
730 _aरास
942 _cBOOK
999 _c28069
_d28069